[Event "Kingston President's inv"]
[Site "Kingston"]
[Date "2013.08.10"]
[Round "5"]
[White "Wilkinson, Ian"]
[Black "Holness, Mark"]
[Result "0-1"]
[WhiteElo "1919"]
[BlackElo "1958"]
[PlyCount "122"]
[EventDate "2013.08.03"]
[EventType "tourn"]
[EventRounds "9"]
[EventCountry "JAM"]
[SourceTitle "EXT 2018"]
[Source "ChessBase"]
[SourceDate "2017.10.13"]
[SourceVersion "1"]
[SourceVersionDate "2017.10.13"]
[SourceQuality "1"]

1. e4 d5 2. exd5 Qxd5 3. Nc3 Qd6 4. Nf3 Nf6 5. Bc4 a6 6. d4 b5 7. Bb3 Nbd7 8. Qe2 Bb7 9. Bg5 c5 10. dxc5 Qxc5 11. Rd1 e6 12. 0-0 Be7 13. Rfe1 0-0 14. Be3 Qc7 15. h3 Nc5 16. Bd4 Nxb3 17. cxb3 Rad8 18. Qe3 Qc6 19. Qe5 Rd7 20. Qg5 Ne8 21. Qg3 f6 22. Qg4 Nc7 23. Be3 Rfd8 24. Bh6 Bf8 25. Rxd7 Rxd7 26. Bf4 Bd6 27. Bxd6 Qxd6 28. Rd1 Qe7 29. Re1 Qf7 30. Kf1 Rd3 31. Ng1 Qd7 32. Rd1 Rxd1+ 33. Qxd1 Qxd1+ 34. Nxd1 e5 35. Nc3 Kf7 36. f3 f5 37. Ke2 Ke6 38. Kd3 Nd5 39. g3 Bc6 40. a3 Nf6 41. a4 Kd6 42. g4 e4+ 43. fxe4 fxg4 44. Kd4 Nd7 45. hxg4 Ne5 46. g5 Ke6 47. axb5 axb5 48. Kc5 Be8 49. Nxb5 Nd3+ 50. Kd4 Bxb5 51. Nh3 Nxb2 52. Nf4+ Kf7 53. Kc5 Nd3+ 54. Kxb5 Nxf4 55. Kc6 Ke6 56. b4 Ne2 57. Kc5 Nc3 58. Kd4 Nb5+ 59. Kc5 Nd6 60. Kd4 Nb5+ 61. Kc5 Na3 0-1

[Event "Kingston President's inv"]
[Site "Kingston"]
[Date "2013.08.03"]
[Round "1"]
[White "Scott, Bertram"]
[Black "Holness, Mark"]
[Result "1/2-1/2"]
[WhiteElo "1921"]
[BlackElo "1958"]
[PlyCount "127"]
[EventDate "2013.08.03"]
[EventType "tourn"]
[EventRounds "9"]
[EventCountry "JAM"]
[SourceTitle "EXT 2018"]
[Source "ChessBase"]
[SourceDate "2017.10.13"]
[SourceVersion "1"]
[SourceVersionDate "2017.10.13"]
[SourceQuality "1"]

1. e4 d5 2. exd5 Qxd5 3. Nc3 Qd6 4. d4 Nf6 5. Nf3 a6 6. Be2 Nbd7 7. Be3 b5 8. a3 Bb7 9. 0-0 e6 10. Qd2 Be7 11. Rad1 0-0 12. Rfe1 Qc6 13. Bf1 Rad8 14. Qc1 Bd6 15. Bf4 Qb6 16. Ne5 c5 17. Nxd7 Rxd7 18. Bxd6 Rxd6 19. dxc5 Qxc5 20. Rxd6 Qxd6 21. Rd1 Qc7 22. Qe3 Rd8 23. Rxd8+ Qxd8 24. Qd3 Qxd3 25. Bxd3 Kf8 26. f3 Ke7 27. Kf2 Kd6 28. Ke3 h6 29. Ne4+ Nxe4 30. Bxe4 Bc8 31. f4 Kc5 32. Kd3 a5 33. b3 Ba6 34. Ke3 f6 35. c3 Bc8 36. Kd3 Ba6 37. b4+ axb4 38. axb4+ Kd6 39. Kd4 e5+ 40. Ke3 Bc8 41. f5 Bd7 42. g4 Bc8 43. h3 Bd7 44. h4 Bc8 45. Ba8 h5 46. Kf3 Bd7 47. Be4 hxg4+ 48. Kxg4 Be8 49. h5 Bf7 50. Kf3 Bd5 51. Ke3 Bxe4 52. Kxe4 Kc6 53. Ke3 Kd5 54. Kd3 e4+ 55. Ke3 Kc4 56. Kxe4 Kxc3 57. Kd5 Kxb4 58. Ke6 Kc5 59. h6 gxh6 60. Kxf6 b4 61. Kg7 b3 62. f6 b2 63. f7 b1Q 64. f8Q+ 1/2-1/2

[Event "JAM-ch"]
[Site "Kingston"]
[Date "2011.07.27"]
[Round "8"]
[White "Holness, Mark"]
[Black "Wilkinson, Ian"]
[Result "0-1"]
[WhiteElo "1998"]
[BlackElo "1929"]
[PlyCount "112"]
[EventDate "2011.07.15"]
[EventType "tourn"]
[EventRounds "11"]
[EventCountry "JAM"]
[SourceTitle "EXT 2012"]
[Source "ChessBase"]
[SourceDate "2011.11.24"]
[SourceVersion "1"]
[SourceVersionDate "2011.11.24"]
[SourceQuality "1"]

1. d4 Nf6 2. Nc3 d6 3. e4 Nc6 4. Bg5 a6 5. f3 b5 6. Qd2 e6 7. Nge2 Be7 8. Ng3 h6 9. Be3 Bd7 10. Be2 Rb8 11. 0-0 h5 12. Bg5 h4 13. Nh1 b4 14. Nd1 Nxe4 15. Bxe7 Nxd2 16. Bxd8 Nxf1 17. Bg5 f6 18. Bf4 g5 19. Bc1 Nxh2 20. Kxh2 Nxd4 21. Bd3 e5 22. Be3 a5 23. Nhf2 d5 24. Ng4 Ke7 25. Ndf2 c5 26. b3 h3 27. Nxh3 e4 28. Bxd4 cxd4 29. Be2 f5 30. Ne5 Be8 31. fxe4 dxe4 32. Kg1 Kf6 33. Nc4 Bb5 34. Kf2 a4 35. Rd1 axb3 36. axb3 Rhd8 37. Ke1 Rbc8 38. Nf2 g4 39. g3 Bxc4 40. Bxc4 Ke5 41. Ra1 Ra8 42. Ra4 Rdb8 43. Ke2 Rxa4 44. bxa4 Rc8 45. Bb3 Rc3 46. Nd1 Rxg3 47. Nb2 Rh3 48. a5 g3 49. a6 Rh7 50. Nc4+ Kf4 51. Nd6 e3 52. Bd5 Ra7 53. Bb7 Rxa6 54. Nxf5 Kxf5 55. Kd3 Ra3+ 56. Kxd4 e2 0-1

[Event "JAM-ch"]
[Site "Kingston"]
[Date "2011.07.20"]
[Round "4"]
[White "Myers, Peter"]
[Black "Holness, Mark"]
[Result "1-0"]
[WhiteElo "2059"]
[BlackElo "1998"]
[PlyCount "101"]
[EventDate "2011.07.15"]
[EventType "tourn"]
[EventRounds "11"]
[EventCountry "JAM"]
[SourceTitle "EXT 2012"]
[Source "ChessBase"]
[SourceDate "2011.11.24"]
[SourceVersion "1"]
[SourceVersionDate "2011.11.24"]
[SourceQuality "1"]

1. e4 e6 2. d4 d5 3. Nd2 dxe4 4. Nxe4 Bd7 5. Nf3 Bc6 6. Qd3 Nd7 7. g3 Ngf6 8. Nxf6+ Qxf6 9. Bg2 Bd6 10. 0-0 0-0 11. c4 h6 12. Bd2 e5 13. d5 Nc5 14. Qc2 Bd7 15. Nh4 g5 16. b4 gxh4 17. bxc5 Bxc5 18. gxh4 Bd4 19. Rae1 Qxh4 20. Qc1 Kh7 21. Re4 Qh5 22. Qd1 Qxd1 23. Rxd1 f5 24. Rh4 Rf6 25. Be3 Bxe3 26. fxe3 Rg8 27. Kf2 Ra6 28. Rd2 Kg6 29. c5 Ra4 30. Rxa4 Bxa4 31. d6 Rd8 32. Bxb7 cxd6 33. c6 Bxc6 34. Bxc6 Kf6 35. Bd5 Rc8 36. Bb3 Rc6 37. Rd5 Ke7 38. Ra5 Rc7 39. Rb5 Kf6 40. Rb8 Rd7 41. Rf8+ Kg5 42. Be6 Rb7 43. Rxf5+ Kg6 44. Rf3 Rc7 45. Bb3 a5 46. Rg3+ Kf6 47. Rg4 Kf5 48. Rc4 Rb7 49. Rc6 a4 50. Bxa4 Rb2+ 51. Rc2 1-0

[Event "Caribbean sub zt 2.3.5"]
[Site "Nassau"]
[Date "2010.07.01"]
[Round "9"]
[White "Holness, Mark"]
[Black "Joseph, Elton"]
[Result "1/2-1/2"]
[WhiteElo "1997"]
[BlackElo "1821"]
[PlyCount "94"]
[EventDate "2010.06.26"]
[EventType "swiss"]
[EventRounds "9"]
[EventCountry "BAH"]
[SourceTitle "EXT 2019"]
[Source "ChessBase"]
[SourceDate "2018.10.10"]
[SourceVersion "1"]
[SourceVersionDate "2018.10.10"]
[SourceQuality "1"]

1. e4 b6 2. d4 Bb7 3. Bd3 g6 4. Be3 Bg7 5. g3 e6 6. Ne2 Ne7 7. Qd2 Nbc6 8. c3 d5 9. e5 Nf5 10. Bg5 f6 11. exf6 Bxf6 12. Bxf6 Qxf6 13. 0-0 0-0 14. f4 Nd6 15. Na3 Ne4 16. Qe3 Ne7 17. Rae1 Nf5 18. Qc1 Qh4 19. Rf3 Qg4 20. h3 Qh4 21. g4 Nfg3 22. Kg2 Nxe2 23. Rxe2 Rf7 24. Qe1 Qh6 25. g5 Qh5 26. Ree3 Raf8 27. Rxe4 dxe4 28. Bxe4 Bxe4 29. Qxe4 Rxf4 30. Rxf4 Qxg5+ 31. Kf3 Qh5+ 32. Kf2 Qh4+ 33. Ke3 Qg3+ 34. Qf3 Qe1+ 35. Kd3 Rxf4 36. Qxf4 Qd1+ 37. Ke4 Qh1+ 38. Qf3 Qe1+ 39. Kf4 Kg7 40. Nc4 Qh4+ 41. Ke5 Qg5+ 42. Kxe6 Qd8 43. Qf7+ Kh6 44. Qf4+ Kg7 45. b3 a6 46. a4 Qe8+ 47. Kd5 Qa8+ 1/2-1/2

[Event "Caribbean sub zt 2.3.5"]
[Site "Nassau"]
[Date "2010.06.28"]
[Round "4"]
[White "Holness, Mark"]
[Black "Joseph, Marcus"]
[Result "1-0"]
[WhiteElo "1997"]
[BlackElo "2166"]
[PlyCount "55"]
[EventDate "2010.06.26"]
[EventType "swiss"]
[EventRounds "9"]
[EventCountry "BAH"]
[SourceTitle "EXT 2019"]
[Source "ChessBase"]
[SourceDate "2018.10.10"]
[SourceVersion "1"]
[SourceVersionDate "2018.10.10"]
[SourceQuality "1"]

1. e4 d5 2. exd5 Nf6 3. d4 Bg4 4. Nf3 Qxd5 5. Be2 Nc6 6. c3 0-0-0 7. Qb3 e5 8. Qxd5 Rxd5 9. Be3 exd4 10. Nxd4 Nxd4 11. Bxd4 Bd6 12. f3 Bd7 13. Bc4 Re8+ 14. Kf2 Rh5 15. Bxf7 Rh6 16. Bxe8 Bxe8 17. Nd2 Bc6 18. Nc4 Be7 19. Rae1 Nd5 20. Bxg7 Rg6 21. Bd4 Nf4 22. Rxe7 Rxg2+ 23. Ke1 Bb5 24. b3 Rxa2 25. Rf1 Bxc4 26. bxc4 Ng6 27. Rxh7 Ra1+ 28. Kf2 1-0

[Event "JAM-ch"]
[Site "Kingston"]
[Date "2010.04.23"]
[Round "9"]
[White "Elliott, Warren"]
[Black "Holness, Mark"]
[Result "1-0"]
[WhiteElo "2264"]
[BlackElo "1999"]
[PlyCount "105"]
[EventDate "2010.04.09"]
[EventType "tourn"]
[EventRounds "11"]
[EventCountry "JAM"]
[SourceTitle "EXT 2013"]
[Source "ChessBase"]
[SourceDate "2012.11.22"]
[SourceVersion "1"]
[SourceVersionDate "2012.11.22"]
[SourceQuality "1"]

1. e4 e6 2. d4 d5 3. Nc3 dxe4 4. Nxe4 Bd7 5. Nf3 Bc6 6. Bd3 Nd7 7. c3 Ngf6 8. Ng3 Bd6 9. 0-0 0-0 10. Re1 Bxf3 11. Qxf3 c6 12. Ne4 Nxe4 13. Qxe4 g6 14. h4 e5 15. Bg5 Be7 16. Bxe7 Qxe7 17. Bc4 Rae8 18. f4 Qxh4 19. fxe5 Qxe4 20. Rxe4 Kg7 21. Rae1 Nb6 22. Bb3 Re7 23. Rf4 Nd7 24. Rfe4 Rfe8 25. Kf2 f6 26. e6 Nb6 27. c4 Nc8 28. d5 c5 29. Ba4 Rd8 30. Rc1 Nd6 31. Re3 b6 32. Bd7 a5 33. a3 Ra8 34. a4 Rb8 35. Kf3 f5 36. b3 Kf6 37. g4 Ra8 38. Rf1 Rg7 39. Rg1 Ke7 40. g5 Rf8 41. Kf4 Rd8 42. Ke5 Rf8 43. Rf3 Rd8 44. Rh3 Rf8 45. Rh4 Rd8 46. Rgh1 Rh8 47. Bc6 Nc8 48. R4h3 Nd6 49. R1h2 Nc8 50. d6+ Nxd6 51. Rd2 Ne8 52. Rhd3 Rhg8 53. Rd8 1-0

[Event "JAM-ch"]
[Site "Kingston"]
[Date "2010.04.16"]
[Round "5"]
[White "Mellace, Andrew"]
[Black "Holness, Mark"]
[Result "1-0"]
[WhiteElo "1995"]
[BlackElo "1999"]
[PlyCount "55"]
[EventDate "2010.04.09"]
[EventType "tourn"]
[EventRounds "11"]
[EventCountry "JAM"]
[SourceTitle "EXT 2013"]
[Source "ChessBase"]
[SourceDate "2012.11.22"]
[SourceVersion "1"]
[SourceVersionDate "2012.11.22"]
[SourceQuality "1"]

1. e4 e6 2. d4 d5 3. Nd2 Nc6 4. Ngf3 Nf6 5. e5 Nd7 6. c3 f6 7. exf6 Qxf6 8. Bd3 Bd6 9. Qc2 Nf8 10. Nf1 e5 11. Bg5 Qf7 12. dxe5 Bxe5 13. 0-0-0 Bf6 14. Bxf6 gxf6 15. Ng3 Be6 16. Bb5 0-0-0 17. Bxc6 bxc6 18. Qa4 Kb7 19. Nd4 Bd7 20. Nb3 Qe7 21. Rhe1 Qd6 22. Qa5 Ne6 23. Rxe6 Bxe6 24. Nc5+ Ka8 25. Rd4 Qe5 26. Qa6 Qe1+ 27. Rd1 Bc8 28. Qxc6+ 1-0

[Event "JAM-ch"]
[Site "Kingston"]
[Date "2010.04.09"]
[Round "1"]
[White "Holness, Mark"]
[Black "Matthews, Shane"]
[Result "1/2-1/2"]
[WhiteElo "1999"]
[BlackElo "2203"]
[PlyCount "114"]
[EventDate "2010.04.09"]
[EventType "tourn"]
[EventRounds "11"]
[EventCountry "JAM"]
[SourceTitle "EXT 2013"]
[Source "ChessBase"]
[SourceDate "2012.11.22"]
[SourceVersion "1"]
[SourceVersionDate "2012.11.22"]
[SourceQuality "1"]

1. e4 c5 2. c3 b6 3. d4 Bb7 4. f3 g6 5. Be3 d6 6. Bc4 e6 7. Ne2 Bg7 8. Na3 a6 9. dxc5 dxc5 10. Qxd8+ Kxd8 11. 0-0-0+ Ke7 12. Bb3 Nd7 13. Nc4 Rd8 14. Nxb6 Bh6 15. Bxh6 Nxh6 16. Nxd7 Rxd7 17. Rxd7+ Kxd7 18. Rd1+ Ke7 19. Ba4 Rd8 20. Rxd8 Kxd8 21. Kd2 Ke7 22. Kd3 Kd6 23. Kc4 f6 24. Nc1 Bc6 25. Bxc6 Kxc6 26. b4 Nf7 27. bxc5 Ne5+ 28. Kd4 Kb5 29. Nb3 a5 30. f4 Nc6+ 31. Kd3 e5 32. g3 a4 33. Nd2 Kxc5 34. Nf3 h5 35. fxe5 fxe5 36. Nh4 Ne7 37. Nf3 Nc6 38. Ng5 Ne7 39. h3 Nc6 40. Nf3 Kb5 41. Nd2 Na5 42. Kc2 Nb7 43. Nf3 Nc5 44. Nxe5 Nxe4 45. Nxg6 Nxg3 46. Kd3 Nf5 47. Nf4 h4 48. Ng2 Kc5 49. a3 Kd5 50. c4+ Kc5 51. Kc3 Nd6 52. Nxh4 Nxc4 53. Ng6 Nxa3 54. h4 Nb5+ 55. Kb2 Nd6 56. Ka3 Kd5 57. Kxa4 Ke6 1/2-1/2

[Event "JAM-ch"]
[Site "Kingston"]
[Date "2009.07.10"]
[Round "5"]
[White "Davy, Damion"]
[Black "Holness, Mark"]
[Result "0-1"]
[WhiteElo "1988"]
[BlackElo "2014"]
[PlyCount "62"]
[EventDate "2009.07.03"]
[EventType "tourn"]
[EventRounds "11"]
[EventCountry "JAM"]
[SourceTitle "EXT 2023"]
[Source "ChessBase"]
[SourceDate "2022.10.05"]
[SourceVersion "1"]
[SourceVersionDate "2022.10.05"]
[SourceQuality "1"]

1. e4 e6 2. d4 d5 3. Nc3 Nf6 4. Bg5 Be7 5. e5 Nfd7 6. h4 f6 7. Bf4 c5 8. exf6 Nxf6 9. Bxb8 Rxb8 10. g4 Qb6 11. g5 Nd7 12. Na4 Qa5+ 13. c3 cxd4 14. Qxd4 e5 15. Qd1 b5 16. Qxd5 Bb7 17. Qe6 Bxh1 18. 0-0-0 Qc7 19. Bh3 Nf8 20. Qb3 Bc6 21. Ne2 bxa4 22. Qc4 Rd8 23. Re1 Qd6 24. Nd4 exd4 25. Be6 Nxe6 26. Rxe6 Qd5 27. Qe2 Rd7 28. Qh5+ Kd8 29. Qe2 d3 30. Qe3 d2+ 31. Kd1 Qf3+ 0-1

[Event "JAM-ch"]
[Site "Kingston"]
[Date "2009.07.09"]
[Round "7"]
[White "Holness, Mark"]
[Black "James, Stuart"]
[Result "1/2-1/2"]
[WhiteElo "2014"]
[BlackElo "1951"]
[PlyCount "106"]
[EventDate "2009.07.03"]
[EventType "tourn"]
[EventRounds "11"]
[EventCountry "JAM"]
[SourceTitle "EXT 2023"]
[Source "ChessBase"]
[SourceDate "2022.10.05"]
[SourceVersion "1"]
[SourceVersionDate "2022.10.05"]
[SourceQuality "1"]

1. e4 c5 2. c3 Nf6 3. e5 Nd5 4. d4 cxd4 5. Qxd4 e6 6. Nf3 Nc6 7. Qe4 f5 8. Qe2 Qc7 9. g3 Nde7 10. Bg2 Ng6 11. Bf4 Nxf4 12. gxf4 d5 13. 0-0 Bd7 14. Nbd2 0-0-0 15. Rac1 Be8 16. Nb3 Bh5 17. Qe3 Bxf3 18. Bxf3 Kb8 19. Rfd1 g5 20. Nd4 Rg8 21. fxg5 Nxd4 22. cxd4 Qe7 23. Kh1 Rxg5 24. Be2 Bh6 25. f4 Rg7 26. Rg1 Rxg1+ 27. Rxg1 Qh4 28. Rf1 Rg8 29. Qf2 Qh3 30. Rg1 Rg6 31. Rxg6 hxg6 32. Qg3 Qxg3 33. hxg3 g5 34. g4 gxf4 35. gxf5 exf5 36. Kg2 Kc7 37. Bd3 Kd7 38. Bxf5+ Kc6 39. Kf3 b6 40. Bd3 b5 41. Kg4 a5 42. Be2 b4 43. Bf3 a4 44. b3 axb3 45. axb3 Bf8 46. Kxf4 Bh6+ 47. Kf5 Be3 48. Ke6 Bxd4 49. Bxd5+ Kc7 50. Bc4 Kd8 51. Kd6 Be3 52. Bb5 Bg5 53. Ke6 Bh4 1/2-1/2

[Event "Kingston Unlimited Futures"]
[Site "Kingston"]
[Date "2009.03.01"]
[Round "6"]
[White "Lorne, Ras Malaku"]
[Black "Holness, Mark"]
[Result "1-0"]
[WhiteElo "2120"]
[BlackElo "2028"]
[PlyCount "59"]
[EventDate "2009.02.21"]
[EventType "tourn"]
[EventRounds "7"]
[EventCountry "JAM"]
[SourceTitle "EXT 2023"]
[Source "ChessBase"]
[SourceDate "2022.10.05"]
[SourceVersion "1"]
[SourceVersionDate "2022.10.05"]
[SourceQuality "1"]

1. c4 f5 2. Nc3 e5 3. e4 d6 4. exf5 Bxf5 5. Qf3 Bc8 6. Bd3 Nf6 7. Nge2 Be7 8. h3 0-0 9. Qe3 Nc6 10. g4 Be6 11. f4 d5 12. fxe5 d4 13. Nxd4 Nxd4 14. exf6 Rxf6 15. Ne2 Bc5 16. Nxd4 Bxd4 17. Qe4 Qd6 18. Kd1 Rd8 19. Rf1 Rxf1+ 20. Bxf1 Bxb2 21. c5 Qd7 22. Bb5 c6 23. Bc4 Bd5 24. Bxb2 Bxc4 25. Qxc4+ Kh8 26. Bc3 Qe7 27. Kc2 Qh4 28. Qf7 Rg8 29. Rf1 Qxh3 30. Qxg7+ 1-0

[Event "Kingston Unlimited Futures"]
[Site "Kingston"]
[Date "2009.02.21"]
[Round "1"]
[White "Holness, Mark"]
[Black "Gayle, Humphrey"]
[Result "1-0"]
[WhiteElo "2028"]
[BlackElo "2111"]
[PlyCount "123"]
[EventDate "2009.02.21"]
[EventType "tourn"]
[EventRounds "7"]
[EventCountry "JAM"]
[SourceTitle "EXT 2023"]
[Source "ChessBase"]
[SourceDate "2022.10.05"]
[SourceVersion "1"]
[SourceVersionDate "2022.10.05"]
[SourceQuality "1"]

1. e4 e5 2. Nf3 d6 3. d4 exd4 4. Qxd4 Nc6 5. Bb5 Bd7 6. Bxc6 Bxc6 7. Nc3 Nf6 8. Bg5 Be7 9. 0-0-0 0-0 10. Rhe1 Nd7 11. Bxe7 Qxe7 12. Nd5 Bxd5 13. Qxd5 Qf6 14. Rd2 Rab8 15. Kb1 Nb6 16. Qd4 Qf4 17. Re3 Rbd8 18. g3 Qh6 19. Nh4 c5 20. Qc3 Qe6 21. Rde2 Nc4 22. Rd3 d5 23. b3 Na3+ 24. Kb2 c4 25. Nf5 d4 26. Nxd4 Rxd4 27. Rxd4 Nb5 28. Qxc4 Qa6 29. Rdd2 Qa3+ 30. Kb1 a6 31. Rd3 Qe7 32. b4 h6 33. Red2 Qf6 34. a4 Na7 35. Qd4 Qe7 36. Qxa7 Qxb4+ 37. Kc1 Qxa4 38. Qxb7 Qa1+ 39. Qb1 Qf6 40. f4 Kh7 41. Qb2 Qc6 42. Qb4 Re8 43. Re2 a5 44. Qc3 Qb6 45. Kd2 Re6 46. Qd4 Qa6 47. Qd7 a4 48. Qxf7 Qa5+ 49. Kd1 Qb6 50. Qf5+ Kg8 51. Qd5 Kh7 52. Kd2 a3 53. Qa2 Qb4+ 54. Kd1 Ra6 55. e5 Qc5 56. e6 Qg1+ 57. Kd2 Qc5 58. e7 Qb4+ 59. Kd1 Qb2 60. Qxb2 axb2 61. Rb3 Ra1+ 62. Kd2 1-0

[Event "Kingston Unlimited Futures"]
[Site "Kingston"]
[Date "2009.02.21"]
[Round "2"]
[White "Porter, Russel"]
[Black "Holness, Mark"]
[Result "1-0"]
[WhiteElo "2174"]
[BlackElo "2028"]
[PlyCount "107"]
[EventDate "2009.02.21"]
[EventType "tourn"]
[EventRounds "7"]
[EventCountry "JAM"]
[SourceTitle "EXT 2023"]
[Source "ChessBase"]
[SourceDate "2022.10.05"]
[SourceVersion "1"]
[SourceVersionDate "2022.10.05"]
[SourceQuality "1"]

1. d4 f5 2. Bg5 g6 3. e3 Nh6 4. Nf3 Nf7 5. Bf4 Bg7 6. h4 h6 7. Nc3 d6 8. Bc4 e6 9. Qe2 c6 10. e4 0-0 11. exf5 exf5 12. 0-0-0 b5 13. Bxf7+ Rxf7 14. Rhe1 b4 15. Nb1 Qf8 16. Nbd2 Ba6 17. Qe6 Kh7 18. Bxd6 Qg8 19. h5 gxh5 20. Qe8 Nd7 21. Qxg8+ Rxg8 22. g3 Bf8 23. Bxf8 Rgxf8 24. Re6 Bb5 25. Rde1 f4 26. b3 fxg3 27. fxg3 Rg7 28. Rd6 Nf6 29. Ree6 Ng4 30. Ne5 Nxe5 31. Rxh6+ Kg8 32. dxe5 Rxg3 33. Rxh5 Rf2 34. Rhh6 Rg1+ 35. Kb2 Rgg2 36. Rhg6+ Rxg6 37. Rxg6+ Kf7 38. Rd6 Re2 39. Nf3 Ke7 40. Rh6 Re3 41. Nh4 Re4 42. a4 bxa3+ 43. Kxa3 Kd7 44. c4 Ba6 45. Rh7+ Ke6 46. Ng6 Kf5 47. Ne7+ Kxe5 48. Nxc6+ Kf6 49. Na5 Re6 50. Rxa7 Bc8 51. Rc7 Re8 52. b4 Ke6 53. b5 Kd6 54. Rc6+ 1-0

[Event "JAM-ch"]
[Site "Kingston"]
[Date "2008.07.13"]
[Round "7"]
[White "Wilson, Brandon"]
[Black "Holness, Mark"]
[Result "1-0"]
[WhiteElo "2131"]
[BlackElo "2013"]
[PlyCount "119"]
[EventDate "2008.07.04"]
[EventType "tourn"]
[EventRounds "11"]
[EventCountry "JAM"]
[SourceTitle "EXT 2015"]
[Source "ChessBase"]
[SourceDate "2014.11.20"]
[SourceVersion "1"]
[SourceVersionDate "2014.11.20"]
[SourceQuality "1"]

1. e4 e6 2. d4 d5 3. e5 c5 4. c3 Nc6 5. Nf3 Qb6 6. Bd3 cxd4 7. cxd4 Bd7 8. 0-0 Nxd4 9. Nxd4 Qxd4 10. Nc3 a6 11. Qe2 f5 12. exf6 Nxf6 13. Rd1 Qg4 14. Nxd5 Qxe2 15. Nxf6+ gxf6 16. Bxe2 0-0-0 17. Bf3 Be7 18. Be3 Bb5 19. Rdc1+ Kb8 20. a4 Bd7 21. b4 Rc8 22. Rd1 Bc6 23. Bxc6 Rxc6 24. b5 Rd6 25. Rdb1 Rc8 26. g3 Rc4 27. Rb3 Kc8 28. Kg2 Rc2 29. bxa6 Rxa6 30. Rab1 Rc7 31. Bb6 Rc6 32. a5 f5 33. Rd1 Bd6 34. Rd4 Bc7 35. Rbd3 Bxb6 36. axb6 Kb8 37. Rd8+ Rc8 38. Rxc8+ Kxc8 39. Rd6 e5 40. Rf6 f4 41. gxf4 exf4 42. Kf3 Kd8 43. Kxf4 Ke7 44. Rh6 Kf7 45. Ke5 Kg8 46. Rd6 Kf8 47. Kf6 Ke8 48. Kg7 h5 49. Kg6 h4 50. Kg5 Ra4 51. f4 h3 52. Rh6 Rb4 53. f5 Kf8 54. Kg6 Rxb6+ 55. f6 Kg8 56. Rxh3 Rc6 57. Rd3 Rc8 58. Rd7 Rb8 59. Rg7+ Kh8 60. f7 1-0

[Event "JAM-ch"]
[Site "Kingston"]
[Date "2008.07.06"]
[Round "3"]
[White "Holness, Mark"]
[Black "Ramsay, Zachary"]
[Result "1/2-1/2"]
[WhiteElo "2013"]
[BlackElo "1956"]
[PlyCount "105"]
[EventDate "2008.07.04"]
[EventType "tourn"]
[EventRounds "11"]
[EventCountry "JAM"]
[SourceTitle "EXT 2015"]
[Source "ChessBase"]
[SourceDate "2014.11.20"]
[SourceVersion "1"]
[SourceVersionDate "2014.11.20"]
[SourceQuality "1"]

1. e4 c5 2. c3 Nf6 3. e5 Nd5 4. Bc4 Nb6 5. Bb3 c4 6. Bc2 d6 7. exd6 e6 8. d3 cxd3 9. Qxd3 Qxd6 10. Nf3 Qxd3 11. Bxd3 Be7 12. Nbd2 0-0 13. Nc4 Nxc4 14. Bxc4 Bd7 15. Ne5 Rc8 16. Be2 Be8 17. 0-0 Nc6 18. Bf4 Nxe5 19. Bxe5 f6 20. Bf4 Bc5 21. Rad1 e5 22. Bc1 Rd8 23. Bf3 Bc6 24. Bxc6 bxc6 25. Rfe1 Rd5 26. Rxd5 cxd5 27. Rd1 Rd8 28. Kf1 Kf7 29. Ke2 Ke6 30. Be3 Rc8 31. Rc1 f5 32. Ra1 f4 33. Bc1 g5 34. f3 h5 35. Bd2 g4 36. Rf1 Rg8 37. g3 fxg3 38. hxg3 gxf3+ 39. Kxf3 e4+ 40. Kg2 h4 41. Bf4 hxg3 42. Rh1 Bf2 43. Rh3 Rg7 44. Bxg3 Bxg3 45. Rxg3 Rxg3+ 46. Kxg3 Ke5 47. Kf2 d4 48. cxd4+ Kxd4 49. Ke2 a5 50. Kd2 e3+ 51. Ke2 Ke4 52. b3 Kd4 53. a3 1/2-1/2

[Event "JAM-ch"]
[Site "Kingston"]
[Date "2007.09.29"]
[Round "11"]
[White "Brown, Equitable"]
[Black "Holness, Mark"]
[Result "1-0"]
[WhiteElo "2081"]
[BlackElo "2021"]
[PlyCount "131"]
[EventDate "2007.07.21"]
[EventType "tourn"]
[EventRounds "11"]
[EventCountry "JAM"]
[SourceTitle "EXT 2023"]
[Source "ChessBase"]
[SourceDate "2022.10.05"]
[SourceVersion "1"]
[SourceVersionDate "2022.10.05"]
[SourceQuality "1"]

1. d4 d5 2. c4 e6 3. Nc3 Nf6 4. Nf3 c6 5. e3 Bd6 6. Qc2 Nbd7 7. Bd3 a6 8. 0-0 0-0 9. b3 Re8 10. Bb2 h6 11. Rad1 b6 12. e4 dxe4 13. Nxe4 Nxe4 14. Bxe4 Qc7 15. c5 bxc5 16. dxc5 Be7 17. b4 Nf6 18. Ne5 Bb7 19. Bf3 Rad8 20. g3 Rxd1 21. Rxd1 Rd8 22. Nc4 Rxd1+ 23. Qxd1 Nd5 24. Be5 Qd8 25. a3 Qd7 26. h4 f6 27. Bb2 Qd8 28. Qe2 e5 29. Be4 Qf8 30. Qf3 Qf7 31. Na5 Bd8 32. Nc4 Bc7 33. Bd3 Bc8 34. Qe2 Qe6 35. Nb6 Bxb6 36. cxb6 Nxb6 37. Bxa6 Qd5 38. Bd3 Bb7 39. Qe4 Qxe4 40. Bxe4 Nc4 41. Bc1 Nd6 42. Bd3 h5 43. Bg6 Kf8 44. Be3 Ke7 45. Bc5 Ba6 46. Bxh5 Ke6 47. Bxd6 Kxd6 48. Bf3 Bb5 49. Be4 Ke6 50. g4 Kd6 51. h5 Be2 52. f3 Bb5 53. Kf2 Ba4 54. Kg3 Ke6 55. Bf5+ Kd6 56. g5 fxg5 57. Kg4 c5 58. bxc5+ Kxc5 59. Kxg5 Kd4 60. Bg4 Be8 61. a4 Bxa4 62. Kg6 Bd1 63. Kxg7 e4 64. fxe4 Bxg4 65. h6 Kxe4 66. h7 1-0

[Event "JAM-ch"]
[Site "Kingston"]
[Date "2007.09.16"]
[Round "8"]
[White "Holness, Mark"]
[Black "Henry, Mark"]
[Result "1-0"]
[WhiteElo "2021"]
[BlackElo "1880"]
[PlyCount "83"]
[EventDate "2007.07.21"]
[EventType "tourn"]
[EventRounds "11"]
[EventCountry "JAM"]
[SourceTitle "EXT 2023"]
[Source "ChessBase"]
[SourceDate "2022.10.05"]
[SourceVersion "1"]
[SourceVersionDate "2022.10.05"]
[SourceQuality "1"]

1. d4 Nf6 2. c4 g6 3. Nc3 Bg7 4. e4 d6 5. f3 Nbd7 6. Be3 e5 7. Nge2 0-0 8. Qd2 c6 9. Rd1 a5 10. Ng3 a4 11. Be2 a3 12. b3 Qa5 13. 0-0 h5 14. d5 c5 15. Bg5 Qb6 16. Be3 h4 17. Nh1 Nh5 18. Bg5 Nf4 19. Bxh4 Bh6 20. Qc2 Qb4 21. Nb5 Qa5 22. Be7 Re8 23. Bxd6 Ra6 24. Bc7 Qb4 25. Nf2 Nf6 26. Kh1 b6 27. Bd6 Bd7 28. Nc7 Raa8 29. Nxa8 Rxa8 30. Bxe5 Qa5 31. Bxf6 Qa7 32. Ba1 Bg7 33. Bxg7 Kxg7 34. Nd3 Nh5 35. Qc3+ f6 36. f4 Qc7 37. Bxh5 gxh5 38. e5 Bg4 39. exf6+ Kh7 40. Rde1 Kh6 41. Qe5 Qxe5 42. fxe5 1-0

[Event "JAM-ch"]
[Site "Kingston"]
[Date "2007.09.15"]
[Round "7"]
[White "Matthews, Shane"]
[Black "Holness, Mark"]
[Result "1-0"]
[WhiteElo "2231"]
[BlackElo "2021"]
[PlyCount "65"]
[EventDate "2007.07.21"]
[EventType "tourn"]
[EventRounds "11"]
[EventCountry "JAM"]
[SourceTitle "EXT 2023"]
[Source "ChessBase"]
[SourceDate "2022.10.05"]
[SourceVersion "1"]
[SourceVersionDate "2022.10.05"]
[SourceQuality "1"]

1. e4 e6 2. d4 d5 3. Nc3 Nf6 4. e5 Nfd7 5. f4 c5 6. Nf3 Nc6 7. Be3 Qa5 8. Qd2 cxd4 9. Nxd4 a6 10. Be2 Bb4 11. 0-0 0-0 12. a3 Nxd4 13. axb4 Nxe2+ 14. Nxe2 Qc7 15. Ra3 f6 16. Rc3 Qd8 17. Qd4 Nb8 18. exf6 Nc6 19. fxg7 Nxd4 20. gxf8Q+ Qxf8 21. Bxd4 Qxb4 22. Rff3 Qa5 23. Rg3+ Kf8 24. Rg7 Qb4 25. Rcc7 e5 26. Bc5+ Qxc5+ 27. Rxc5 Kxg7 28. fxe5 Kg6 29. Rxd5 Kf5 30. Kf2 Be6 31. Nd4+ Ke4 32. Nxe6 Re8 33. Nc7 1-0